| 000 | 00628aam a2200217 4500 | ||
|---|---|---|---|
| 001 | 7372 | ||
| 003 | Uk | ||
| 005 | 20250613160026.0 | ||
| 006 | m || d | | ||
| 007 | cr ||||||||||| | ||
| 008 | 040401s2004 enka ob 001 0 eng | ||
| 020 | _a9780495092803 | ||
| 082 | 0 | 4 | _a301 DAV |
| 100 | 1 | _aDavis, Sharyn Graham. | |
| 245 | 1 | 0 |
_aChallenging gender norms : _b five genders among the Bugis in Indonesia. |
| 260 |
_aCalifornia : _bThomson Higher Education, _c2007. |
||
| 300 |
_aix, 147 p. : _bill, : _c25 cm. |
||
| 504 | _aIncludes bibliographical references and index. | ||
| 800 | _aPalsson, Gisli. | ||
| 942 |
_2ddc _cMAIN |
||
| 999 |
_c10383 _d10384 |
||